Statistics for Animals that start with A by picture

Click here to take the quiz!

General Stats

  • This quiz has been taken 46 times
  • The average score is 7 of 11

Answer Stats

Answer% Correct
alligator
100%
alpaca
97%
anteater
79%
armadillo
77%
Anaconda
77%
ape
77%
antelope
72%
albatross
67%
arctic fox
46%
African lion
28%
Arctic wolf
23%

Score Distribution

Percentile by Number Answered

Percent of People with Each Score

Your Score History

You have not taken this quiz